[Event "63. BEM 2009"]
[Site "Dortmund"]
[Date "2009.02.26"]
[Round "3.27"]
[White "Wilkins, Petra"]
[Black "Weih, Kurt"]
[Result "0-1"]
[WhiteElo "780"]
[BlackElo "1232"]
[PlyCount "84"]
[EventDate "2009.??.??"]
[Source "SG Dortmund"]
[SourceDate "2004.12.16"]

1. e4 e5 2. Nf3 Nc6 3. Bc4 h6 4. O-O Bc5 5. Qe2 Nf6 6. Nh4 Nd4 7. Qd3 d6 8. Nf5
Nxf5 9. exf5 O-O 10. Nc3 Ng4 11. Qf3 Qh4 12. h3 Nxf2 13. Kh2 Qxc4 14. d3 Qd4
15. Be3 Qxe3 16. Rxf2 c6 17. Rff1 Qg5 18. Ne4 Qe7 19. f6 Qe6 20. fxg7 Kxg7 21.
Qg3+ Qg6 22. Qf3 Be6 23. g4 Bd5 24. b4 Bxe4 25. dxe4 Bb6 26. h4 Rae8 27. Kg2
Re6 28. Rh1 Rf6 29. Qe2 Rf2+ 30. Qxf2 Bxf2 31. Kxf2 Qxe4 32. Rae1 Qxc2+ 33. Re2
Qd3 34. Re3 Qd4 35. Rhe1 f5 36. Ke2 fxg4 37. Rg1 Qb2+ 38. Kd3 Qa3+ 39. Ke2
Qxa2+ 40. Kd3 Qb3+ 41. Ke2 Qc2+ 42. Ke1 Qf2+ 0-1

[Event "63. BEM 2009"]
[Site "Dortmund"]
[Date "2009.02.26"]
[Round "3.28"]
[White "Fahle, Karl-Wilhelm"]
[Black "Schirmer, Florian"]
[Result "1-0"]
[WhiteElo "1202"]
[BlackElo "952"]
[PlyCount "107"]
[EventDate "2009.??.??"]
[Source "SG Dortmund"]
[SourceDate "2004.12.16"]

1. e4 e6 2. d4 d5 3. e5 c5 4. c3 cxd4 5. cxd4 Nc6 6. Nf3 Be7 7. Be3 f6 8. Bb5
Qa5+ 9. Nc3 Bb4 10. Bxc6+ bxc6 11. Qc2 Ba6 12. Nd2 Rb8 13. Nb3 Bxc3+ 14. bxc3
Qa4 15. f4 Bc4 16. Kd2 f5 17. Rhb1 Ne7 18. Nc5 Qxc2+ 19. Kxc2 Kf7 20. Nb7 Nc8
21. Bc1 Bb5 22. Nc5 Nb6 23. a4 Bf1 24. g3 Bg2 25. a5 Nc4 26. Rb7+ Rxb7 27. Nxb7
Be4+ 28. Kb3 a6 29. Nc5 Rb8+ 30. Ka2 Bc2 31. Nxa6 Ra8 32. Ba3 Rxa6 33. Rc1 Nxa3
34. Kxa3 Rxa5+ 35. Kb2 Bd3 36. Ra1 Rxa1 37. Kxa1 h5 38. h4 Ke7 39. Kb2 Kd7 40.
Kb3 Kc7 41. Kb4 Kb6 42. Ka4 Bb5+ 43. Kb4 Ka6 44. Kc5 Kb7 45. Kd6 Ka6 46. Kxe6
c5 47. Kxf5 Bd7+ 48. Kg6 cxd4 49. cxd4 Kb5 50. f5 Kc4 51. e6 Be8+ 52. Kxg7 Kxd4
53. f6 Ke5 54. f7 1-0

[Event "63. BEM 2009"]
[Site "Dortmund"]
[Date "2009.03.02"]
[Round "4.1"]
[White "Goldschmidt, Christian"]
[Black "Kartsev, Soel"]
[Result "0-1"]
[WhiteElo "2169"]
[BlackElo "2127"]
[PlyCount "74"]
[EventDate "2009.??.??"]
[Source "SG Dortmund"]
[SourceDate "2004.12.16"]

1. e4 d5 2. exd5 Nf6 3. d4 Nxd5 4. c4 Nb6 5. Nf3 Bg4 6. Nc3 e5 7. Be2 Bxf3 8.
Bxf3 exd4 9. Bxb7 dxc3 10. Qxd8+ Kxd8 11. Bg5+ f6 12. O-O-O+ N8d7 13. Be3 Rb8
14. Bc6 cxb2+ 15. Kxb2 Nxc4+ 16. Kc3 Nce5 17. Bd5 Bb4+ 18. Kc2 Bc5 19. Rhe1
Bxe3 20. Rxe3 c6 21. Be4 g5 22. g3 Kc7 23. f4 gxf4 24. gxf4 Nc4 25. Rc3 Rb2+
26. Kc1 Ndb6 27. Bd3 Rb4 28. Rg1 Kd6 29. Rg7 Re8 30. Rb3 Ra4 31. a3 Nd5 32.
Rbb7 Rxa3 33. Bxc4 Rc3+ 34. Kd2 Rxc4 35. Rxa7 Rd4+ 36. Kc2 Re2+ 37. Kc1 Rxf4
0-1

[Event "63. BEM 2009"]
[Site "Dortmund"]
[Date "2009.03.02"]
[Round "4.2"]
[White "Zelt, Jens"]
[Black "Lindam, Ingo"]
[Result "1/2-1/2"]
[WhiteElo "2015"]
[BlackElo "2033"]
[PlyCount "196"]
[EventDate "2009.??.??"]
[Source "SG Dortmund"]
[SourceDate "2004.12.16"]

1. e4 d5 2. exd5 Nf6 3. d4 Nxd5 4. c4 Nb6 5. Nc3 e5 6. d5 Bb4 7. Bd2 c6 8. dxc6
Nxc6 9. a3 Be7 10. Be3 Nd4 11. Nge2 Bg4 12. Bxd4 exd4 13. Qxd4 Qxd4 14. Nxd4
O-O-O 15. Nc2 Rhe8 16. Ne3 Bh4 17. g3 Bg5 18. Ncd5 Nxd5 19. cxd5 Bf3 20. Bh3+
Kb8 21. O-O Rxe3 22. fxe3 Bxe3+ 23. Rf2 Rxd5 24. Re1 Rd1 25. Rxd1 Bxd1 26. Kf1
Bxf2 27. Kxf2 Kc7 28. Ke3 Kd6 29. Kd4 Bb3 30. Bg2 b6 31. Be4 h6 32. Bf3 f5 33.
Bb7 g5 34. Bc8 Bc2 35. Bb7 Bb3 36. Ba8 Ke6 37. Bb7 Kf6 38. Bc6 Ke6 39. Bb7 Kf6
40. Bc6 f4 41. gxf4 gxf4 42. Ke4 Kg5 43. Bd7 Bc2+ 44. Kf3 Bd1+ 45. Ke4 Bg4 46.
Bb5 Bf5+ 47. Kf3 Bc8 48. Bc6 Kf5 49. Be4+ Ke5 50. Bc2 h5 51. h4 Bg4+ 52. Kf2
Kd4 53. Bg6 Kc4 54. Bc2 a5 55. Ke1 Kd4 56. Kf2 b5 57. Bg6 Kc4 58. Bc2 Kd5 59.
Bg6 Kc5 60. Bd3 Bd1 61. Ke1 Bf3 62. Kf2 Bg4 63. Bg6 Kc4 64. Bc2 b4 65. axb4
axb4 66. Ke1 Kc5 67. Kf2 Kd4 68. Bg6 Bd1 69. Ke1 Bf3 70. Kf2 Bg4 71. Bc2 Kc4
72. Ke1 Kc5 73. Kf1 Kd4 74. Kf2 Ke5 75. Bg6 Kd4 76. Bc2 Kc4 77. Ke1 b3 78. Bg6
Kd4 79. Kf2 Bd1 80. Ke1 Bc2 81. Bxh5 Ke3 82. Bg4 f3 83. Bxf3 Kxf3 84. Kd2 Kg4
85. h5 Kxh5 86. Kc1 Kg4 87. Kd2 Kf3 88. Kc1 Kf2 89. Kd2 Kf3 90. Kc1 Ke4 91. Kd2
Kd4 92. Kc1 Bh7 93. Kd2 Kc4 94. Kd1 Kd3 95. Kc1 Kc4 96. Kd2 Kd4 97. Kc1 Ke3 98.
Kd1 Bc2+ 1/2-1/2

[Event "63. BEM 2009"]
[Site "Dortmund"]
[Date "2009.03.02"]
[Round "4.3"]
[White "Schiefelbusch, Dirk"]
[Black "Hoppe, Dirk"]
[Result "1-0"]
[WhiteElo "2093"]
[BlackElo "1818"]
[PlyCount "123"]
[EventDate "2009.??.??"]
[Source "SG Dortmund"]
[SourceDate "2004.12.16"]

1. c4 e5 2. Nc3 Nc6 3. b3 f5 4. Bb2 Nf6 5. d3 Be7 6. e3 O-O 7. Nf3 d6 8. Be2 h6
9. O-O Qe8 10. Nd5 Bd8 11. d4 e4 12. Nxf6+ Bxf6 13. Nd2 f4 14. Bh5 g6 15. Bg4
Bf5 16. Bxf5 gxf5 17. exf4 Nxd4 18. Re1 c5 19. Rb1 Qg6 20. Re3 Kh7 21. Rg3 Qf7
22. Nf1 Rg8 23. Qd2 Rg6 24. Re1 Rag8 25. Kh1 Bh4 26. Bxd4 Bxg3 27. hxg3 cxd4
28. Qxd4 b6 29. Ne3 h5 30. Rd1 h4 31. gxh4 Rh6 32. g3 Qh5 33. Ng2 Qf3 34. Kg1
e3 35. Nxe3 Rxh4 36. Ng2 Rh6 37. Re1 Rg7 38. Re3 Qh5 39. Nh4 Qg4 40. Kf1 Rxh4
41. gxh4 Qg1+ 42. Ke2 Qb1 43. a4 Qa2+ 44. Qd2 Qa1 45. Qxd6 Qb2+ 46. Qd2 Qa1 47.
Qd3 Qb2+ 48. Kf3 Qf6 49. Re5 Rf7 50. Qd5 Qg6 51. Ke3 Qf6 52. Qe6 Qg7 53. h5 Rf6
54. Qe7 Rf7 55. Qg5 Qf8 56. Qg6+ Kh8 57. h6 b5 58. axb5 a6 59. bxa6 Re7 60. Qd6
Rxe5+ 61. Qxe5+ Kh7 62. Qg7+ 1-0

[Event "63. BEM 2009"]
[Site "Dortmund"]
[Date "2009.03.02"]
[Round "4.4"]
[White "Schütte, Tobias"]
[Black "Borjini, Mohamed"]
[Result "1-0"]
[WhiteElo "1912"]
[BlackElo "1941"]
[PlyCount "56"]
[EventDate "2009.??.??"]
[Source "SG Dortmund"]
[SourceDate "2004.12.16"]

1. e4 e6 2. d4 d5 3. Nc3 Bb4 4. e5 c5 5. a3 Bxc3+ 6. bxc3 Qc7 7. Nf3 Ne7 8. Bd3
Nbc6 9. O-O c4 10. Be2 O-O 11. a4 f6 12. exf6 gxf6 13. Bh6 Rf7 14. Nh4 Ng6 15.
g3 Nce7 16. Bh5 e5 17. f4 exf4 18. Bxf4 Qd7 19. Qf3 Rg7 20. Bh6 Rf7 21. Rae1 f5
22. Qe3 Qd6 23. Qg5 Bd7 24. Re2 Kh8 25. Bxg6 Nxg6 26. Nxf5 Bxf5 27. Rxf5 Rxf5
28. Qxf5 Ne7 1-0

[Event "63. BEM 2009"]
[Site "Dortmund"]
[Date "2009.03.02"]
[Round "4.5"]
[White "Begna, Bozidar"]
[Black "Kropp, Andreas"]
[Result "1-0"]
[WhiteElo "1937"]
[BlackElo "1884"]
[PlyCount "115"]
[EventDate "2009.??.??"]
[Source "SG Dortmund"]
[SourceDate "2004.12.16"]

1. e4 c5 2. Nf3 Nf6 3. e5 Nd5 4. c3 d6 5. d4 Nc6 6. Be2 cxd4 7. cxd4 e6 8. O-O
dxe5 9. dxe5 Qc7 10. Re1 Bd7 11. a3 Be7 12. Bd3 g5 13. Bxg5 Bxg5 14. Nxg5 Nxe5
15. Be4 Rg8 16. Nf3 Nf4 17. Nxe5 Qxe5 18. Nc3 Rd8 19. Qc2 Qg5 20. g3 h5 21.
Bxb7 h4 22. Ne4 Qh6 23. Rad1 Nh3+ 24. Kh1 f5 25. Nd6+ Kf8 26. Qc5 Kg7 27. Bg2
hxg3 28. fxg3 Rdf8 29. Qxa7 Kh8 30. Qd4+ Rg7 31. Rf1 f4 32. Rc1 Kg8 33. Bxh3
Qxh3 34. Rxf4 Rg6 35. Rxf8+ Kxf8 36. Ne4 Rh6 37. Qf2+ Ke7 38. b4 Qh5 39. Qc5+
Qxc5 40. Rxc5 Rh8 41. Kg1 Ra8 42. Rc3 Be8 43. Nc5 Rd8 44. Rd3 Ra8 45. Re3 Bf7
46. h4 Kd6 47. Kh2 e5 48. g4 Bd5 49. Kg3 Rf8 50. h5 Rf1 51. Kh4 Rf4 52. Nd3 Rd4
53. Nxe5 Be4 54. Nf7+ Kd5 55. h6 Bg6 56. Ng5 Bf5 57. Rg3 Ke5 58. Nf3+ 1-0

[Event "63. BEM 2009"]
[Site "Dortmund"]
[Date "2009.03.02"]
[Round "4.6"]
[White "Lauche, Christoph"]
[Black "Clausen, Dirk"]
[Result "1/2-1/2"]
[WhiteElo "1950"]
[BlackElo "1606"]
[PlyCount "113"]
[EventDate "2009.??.??"]
[Source "SG Dortmund"]
[SourceDate "2004.12.16"]

1. e4 c6 2. Nc3 d5 3. Qf3 d4 4. Bc4 e6 5. Nce2 Qf6 6. Qg3 e5 7. d3 h6 8. f4 Bd6
9. Nf3 Nd7 10. O-O Qg6 11. Qxg6 fxg6 12. fxe5 Bxe5 13. Bf7+ Ke7 14. Nh4 Nf8 15.
Nf3 Bf6 16. Bxg8 Rxg8 17. e5 Bg5 18. Nxg5 hxg5 19. Bxg5+ Ke6 20. Nf4+ Kd7 21.
e6+ Nxe6 22. Nxe6 Kxe6 23. Rae1+ Kd6 24. Rf7 Kc5 25. Re5+ Kb6 26. Be7 Bf5 27.
Bc5+ Ka6 28. Bxd4 Rad8 29. Bc3 Rge8 30. Ree7 Rxe7 31. Rxe7 Rd7 32. Rxd7 Bxd7
33. h3 Be6 34. b3 c5 35. Kf2 b5 36. a3 c4 37. b4 cxd3 38. cxd3 Kb7 39. Bxg7 Kc6
40. Ke3 Kd5 41. g4 Bd7 42. Kf4 Ke6 43. Ke4 Kd6 44. Bf8+ Ke6 45. Bc5 Bc6+ 46.
Kf4 a6 47. Kg5 Bg2 48. Kxg6 Bxh3 49. g5 Bf5+ 50. Kg7 Bxd3 51. Kf8 Bg6 {(=)} 52.
Kg7 Kf5 53. Be3 Bh5 54. Kf8 Ke6 55. Kg7 Kf5 56. Bc5 Bg6 57. Kf8 {(=)} 1/2-1/2

[Event "63. BEM 2009"]
[Site "Dortmund"]
[Date "2009.03.02"]
[Round "4.7"]
[White "Flierdl, Lothar"]
[Black "Kartsev, Alexandr"]
[Result "0-1"]
[WhiteElo "1675"]
[BlackElo "1988"]
[PlyCount "89"]
[EventDate "2009.??.??"]
[Source "SG Dortmund"]
[SourceDate "2004.12.16"]

1. Nf3 d5 2. d4 Nf6 3. g3 e6 4. Bg2 c5 5. c3 Nc6 6. O-O Be7 7. Nbd2 O-O 8. dxc5
Bxc5 9. Nb3 Bb6 10. Bg5 h6 11. Bxf6 Qxf6 12. e3 Bd7 13. a4 Rad8 14. a5 Bc7 15.
Qe2 a6 16. Rfd1 Ne7 17. Nc5 Bc8 18. Qc2 Bd6 19. Na4 e5 20. Rd2 Bc7 21. b4 Bf5
22. Qb2 Nc8 23. Rad1 Bg4 24. Rxd5 Bxf3 25. Bxf3 Qxf3 26. Rxd8 Bxd8 27. Rd7 Qc6
28. Nc5 b6 29. Qd2 Bf6 30. axb6 Nxb6 31. Rd6 Qb5 32. Qa2 Be7 33. Rd1 Bxc5 34.
bxc5 Na4 35. c4 Qc6 36. Rd6 Qxc5 37. Rxa6 Nb6 38. Ra5 Qxc4 39. Qb2 Nd7 40. Qb7
Qc1+ 41. Kg2 Qc8 42. Qd5 Nb6 43. Qa2 Qc6+ 44. f3 Nc4 45. Qe2 0-1

[Event "63. BEM 2009"]
[Site "Dortmund"]
[Date "2009.03.02"]
[Round "4.8"]
[White "Gerke, Dieter"]
[Black "Simon, Thomas"]
[Result "0-1"]
[WhiteElo "1587"]
[BlackElo "1932"]
[PlyCount "64"]
[EventDate "2009.??.??"]
[Source "SG Dortmund"]
[SourceDate "2004.12.16"]

1. d4 Nf6 2. c4 e6 3. a3 d5 4. Nf3 Be7 5. e3 O-O 6. Bd3 dxc4 7. Bxc4 c5 8. O-O
Nc6 9. Re1 a6 10. Nc3 b5 11. Bf1 Bb7 12. Ne2 c4 13. Qc2 Na5 14. Nd2 Rc8 15. Nc3
Nd5 16. Qd1 Nf6 17. h3 Qd7 18. Be2 Rfd8 19. Bf3 Nc6 20. Nde4 Nxe4 21. Bxe4 f5
22. Bc2 Bf6 23. Qe2 e5 24. dxe5 Nxe5 25. Qh5 g6 26. Qe2 Nd3 27. Rd1 Qc6 28. Qf1
Rc7 29. f3 Rcd7 30. Ra2 Qc5 31. Qe2 Nxc1 32. Rxc1 Rd2 0-1

[Event "63. BEM 2009"]
[Site "Dortmund"]
[Date "2009.03.02"]
[Round "4.9"]
[White "Hellwig, Thomas"]
[Black "Völler, Lothar"]
[Result "1-0"]
[WhiteElo "1858"]
[BlackElo "1492"]
[PlyCount "145"]
[EventDate "2009.??.??"]
[Source "SG Dortmund"]
[SourceDate "2004.12.16"]

1. d4 d5 2. Nf3 e6 3. c4 c5 4. g3 Nc6 5. cxd5 exd5 6. Bg2 Nf6 7. O-O Be7 8.
dxc5 Bxc5 9. a3 O-O 10. b4 Bb6 11. Nc3 a6 12. Bg5 Be6 13. Rc1 h6 14. Bxf6 gxf6
15. Na4 Ba7 16. Nc5 Bxc5 17. Rxc5 Ne7 18. Nd4 b6 19. Rc3 Rc8 20. Rxc8 Qxc8 21.
Qd2 Kg7 22. Rc1 Qd7 23. Qd3 Rc8 24. Nxe6+ fxe6 25. Rxc8 Qxc8 26. Bh3 f5 27.
Qd4+ Kf7 28. Qxb6 Qc6 29. Qe3 Qc4 30. Qxh6 Qxe2 31. Qh7+ Kf6 32. Bf1 Qe1 33. h4
d4 34. Qh8+ Kg6 35. h5+ Kf7 36. Qxd4 Qc1 37. Qe3 Qd1 38. Qg5 Qa1 39. Kg2 Qxa3
40. h6 Qc3 41. Be2 Qf6 42. Bh5+ Ng6 43. Qc1 Kg8 44. Qc7 Nf8 45. Be2 e5 46. Bc4+
Kh8 47. Qg7+ Qxg7 48. hxg7+ Kxg7 49. Bxa6 Nd7 50. Bc8 Nb6 51. Bxf5 Kf6 52. Be4
Nc4 53. Bc2 Nd6 54. Ba4 e4 55. Bc6 Ke5 56. b5 Nc4 57. Kh3 e3 58. fxe3 Nxe3 59.
b6 Kd6 60. b7 Kc7 61. Bf3 Nc4 62. g4 Ne5 63. Bh1 Nd7 64. g5 Kd8 65. g6 Ke7 66.
Bd5 Kf6 67. Bf7 Kg7 68. Kg4 Kf6 69. Kh5 Kg7 70. Kg5 Nb8 71. Be8 Na6 72. Bb5 Nb8
73. Kf5 1-0

[Event "63. BEM 2009"]
[Site "Dortmund"]
[Date "2009.03.02"]
[Round "4.10"]
[White "Morawietz, Manuel"]
[Black "Noori, Mir Ahmad"]
[Result "1-0"]
[WhiteElo "1810"]
[BlackElo "1548"]
[PlyCount "157"]
[EventDate "2009.??.??"]
[Source "SG Dortmund"]
[SourceDate "2004.12.16"]

1. e4 g6 2. d4 Bg7 3. f4 e6 4. Nf3 Ne7 5. Bd3 d5 6. c3 dxe4 7. Bxe4 c6 8. O-O
Nd7 9. Qe2 Nf6 10. Bc2 Qc7 11. Ne5 b6 12. b3 c5 13. dxc5 Qxc5+ 14. Be3 Qc7 15.
Bd4 O-O 16. Na3 a6 17. Rad1 Bb7 18. Nac4 b5 19. Ne3 Nc6 20. Nxc6 Bxc6 21. c4
Rfc8 22. Bd3 Qb7 23. Qb2 Ne8 24. Ng4 Bxd4+ 25. Qxd4 Qa7 26. Nh6+ Kf8 27. c5 f6
28. Ng4 Kg7 29. b4 Qf7 30. Qc3 Nc7 31. Ne3 Rd8 32. Bc2 Bd5 33. Rd2 Rd7 34. a3
Rad8 35. Rfd1 Bc6 36. Bb3 Rxd2 37. Rxd2 Rxd2 38. Qxd2 Qd7 39. Qxd7+ Bxd7 40.
Nc2 e5 41. fxe5 fxe5 42. Kf2 Kf6 43. Ne3 Bc6 44. g3 h5 45. Nd1 Bd5 46. Bc2 g5
47. Nc3 h4 48. Ke3 hxg3 49. hxg3 Ke6 50. Bh7 Bc6 51. Bd3 Nd5+ 52. Nxd5 Bxd5 53.
Be4 g4 54. Bxd5+ Kxd5 55. Kd3 a5 56. Ke3 axb4 57. axb4 e4 58. Kd2 Ke5 59. Ke3
Kd5 60. Ke2 Ke5 61. Kf2 Ke6 62. Ke3 Kd5 63. c6 Kxc6 64. Kxe4 Kd6 65. Kd4 Ke6
66. Kc5 Ke5 67. Kxb5 Ke4 68. Kc4 Kf3 69. b5 Kxg3 70. b6 Kf2 71. b7 g3 72. b8=Q
g2 73. Qf4+ Ke2 74. Qg3 Kf1 75. Qf3+ Kg1 76. Kd3 Kh1 77. Qh5+ Kg1 78. Ke3 Kf1
79. Qd1# 1-0

[Event "63. BEM 2009"]
[Site "Dortmund"]
[Date "2009.03.02"]
[Round "4.11"]
[White "Benke, Werner"]
[Black "Ziperstein, Jakob"]
[Result "0-1"]
[WhiteElo "1543"]
[BlackElo "1801"]
[PlyCount "79"]
[EventDate "2009.??.??"]
[Source "SG Dortmund"]
[SourceDate "2004.12.16"]

1. d4 g6 2. Nf3 Bg7 3. g3 Nf6 4. Bg2 O-O 5. O-O d6 6. Nbd2 Nbd7 7. c3 c5 8. e3
Rb8 9. a4 b6 10. Re1 h6 11. Rb1 Nh7 12. Nh4 Ndf6 13. Qe2 Bg4 14. Bf3 Bd7 15. b3
Qc8 16. Bg2 Bg4 17. Bf3 Bh3 18. Bg2 g5 19. Bxh3 Qxh3 20. Nhf3 e5 21. dxe5 dxe5
22. e4 Rbd8 23. Nc4 Rfe8 24. Bb2 Nf8 25. Rbd1 Rxd1 26. Rxd1 Qg4 27. Re1 Ng6 28.
Kh1 Qh3 29. Nd6 Rd8 30. Nf5 Qg4 31. Nxg7 Kxg7 32. c4 Re8 33. Qe3 Qd7 34. Kg2
Qe6 35. Rd1 Qg4 36. Re1 Nh5 37. Kh1 Qe6 38. Kg1 Kh7 39. Kh1 Rg8 40. Qe2 {
Der Rest der knapp 70-zuegigen Partie ist nicht rekonstruierbar ...} 0-1

[Event "63. BEM 2009"]
[Site "Dortmund"]
[Date "2009.03.02"]
[Round "4.12"]
[White "Siwy, Boguslaw"]
[Black "Ziemek, Gerhard"]
[Result "0-1"]
[WhiteElo "1412"]
[BlackElo "1733"]
[PlyCount "92"]
[EventDate "2009.??.??"]
[Source "SG Dortmund"]
[SourceDate "2004.12.16"]

1. e4 c5 2. Nf3 Nc6 3. d4 cxd4 4. Nxd4 Nf6 5. Nc3 a6 6. Be2 Qc7 7. O-O e5 8.
Nf5 d6 9. Ne3 Be7 10. Ned5 Qd8 11. Be3 b5 12. Bb6 Qd7 13. Nc7+ Kf8 14. Nxa8 Qb7
15. Be3 Qxa8 16. f4 exf4 17. Bxf4 Ne5 18. Nd5 Nxe4 19. Nxe7 Kxe7 20. Bd3 Qa7+
21. Kh1 Nf2+ 22. Rxf2 Qxf2 23. Bxe5 dxe5 24. Qh5 f6 25. Rf1 Qd4 26. b3 Be6 27.
Qf3 Bd5 28. Qg3 Kf7 29. Qh3 Be6 30. Qh5+ Kf8 31. Qf3 Bd5 32. Qh3 Ke7 33. Qg3 g6
34. Qh3 e4 35. Be2 f5 36. Rd1 Qe5 37. Qe3 Rd8 38. Qa7+ Rd7 39. Qxa6 e3 40. Qxb5
Bxg2+ 41. Kxg2 Qxb5 42. Bxb5 Rxd1 43. Kf3 Rd2 44. Bd3 f4 45. a4 h5 46. a5 Rf2+
0-1

[Event "63. BEM 2009"]
[Site "Dortmund"]
[Date "2009.03.02"]
[Round "4.13"]
[White "Krüger, Inge"]
[Black "Schultz, Bernfried"]
[Result "1/2-1/2"]
[WhiteElo "1272"]
[BlackElo "1683"]
[PlyCount "66"]
[EventDate "2009.??.??"]
[Source "SG Dortmund"]
[SourceDate "2004.12.16"]

1. d4 Nf6 2. c4 e5 3. dxe5 Ng4 4. Nf3 Bc5 5. e3 Nc6 6. Be2 O-O 7. O-O Re8 8.
Nc3 Ngxe5 9. b3 a5 10. a3 Nxf3+ 11. Bxf3 Ne5 12. Be2 Ra6 13. Ne4 Ba7 14. Bb2
Rh6 15. Nd2 Qh4 16. h3 d6 17. Bxe5 dxe5 18. Nf3 Qf6 19. Nh2 Qg6 20. Ng4 Bxg4
21. Bxg4 f5 22. Qd5+ Kf8 23. Qf3 Kg8 24. Bxf5 Qb6 25. Qd5+ Kh8 26. Rab1 Rf6 27.
Be4 c6 28. Qd2 Qc7 29. b4 axb4 30. axb4 Ref8 31. b5 cxb5 32. cxb5 Bc5 33. Qd5
b6 1/2-1/2

[Event "63. BEM 2009"]
[Site "Dortmund"]
[Date "2009.03.02"]
[Round "4.14"]
[White "Sonntag, Joachim"]
[Black "Ezzat, Tarik"]
[Result "1-0"]
[WhiteElo "1788"]
[BlackElo "1517"]
[PlyCount "139"]
[EventDate "2009.??.??"]
[Source "SG Dortmund"]
[SourceDate "2004.12.16"]

1. e4 e5 2. Nf3 d6 3. Bc4 h6 4. d4 exd4 5. Nxd4 Nf6 6. Nc3 Be7 7. O-O c5 8. Nf3
O-O 9. Re1 Bg4 10. Qd3 Nc6 11. a3 Bxf3 12. Qxf3 Ne5 13. Qe2 Re8 14. Bb3 Qc7 15.
f4 Nc6 16. Qc4 Bf8 17. Nd5 Nxd5 18. Qxd5 Nd4 19. Bd2 Re7 20. Re3 Rae8 21. Rae1
b5 22. Bc3 Ne6 23. f5 Nf4 24. Qd1 c4 25. Ba2 d5 26. e5 Qd7 27. Bb4 Qxf5 28.
Bxe7 Bxe7 29. Kh1 Bc5 30. Rf3 Qg5 31. Rg3 Qf5 32. Rf3 Qg5 33. Qd2 Ne6 34. Qxd5
Qh4 35. Ref1 Rd8 36. Qb7 Nf4 37. g3 Qh3 38. gxf4 Qh4 39. c3 Rd2 40. Qc8+ Kh7
41. Qf5+ Kg8 42. Rh3 Qd8 43. Bb1 g6 44. Qe4 Rf2 45. Rg1 Qb6 46. e6 Qxe6 47.
Qxe6 fxe6 48. Rxg6+ Kf7 49. Rg1 Rxb2 50. Re1 Bf8 51. Rhe3 Bxa3 52. R3e2 Rb3 53.
Re5 Bd6 54. Rh5 Bf8 55. Be4 Rxc3 56. Rxb5 Bd6 57. Rb7+ Kf6 58. Rxa7 Bxf4 59.
Ra5 e5 60. Rg1 Rc1 61. Rxc1 Bxc1 62. Rc5 Bf4 63. Rxc4 Ke7 64. h4 Kf6 65. Kg2
Ke6 66. Kf3 Kf6 67. Kg4 Ke7 68. Kf5 Bg3 69. h5 Kd6 70. Rc6+ 1-0

[Event "63. BEM 2009"]
[Site "Dortmund"]
[Date "2009.03.02"]
[Round "4.15"]
[White "Duschek, Günter"]
[Black "Hansen, Jochen"]
[Result "1/2-1/2"]
[WhiteElo "1640"]
[BlackElo "1396"]
[PlyCount "111"]
[EventDate "2009.??.??"]
[Source "SG Dortmund"]
[SourceDate "2004.12.16"]

1. d4 d5 2. Bf4 Bf5 3. Nf3 Nf6 4. e3 a6 5. Bd3 Ne4 6. Nh4 e6 7. Nxf5 exf5 8. f3
Nd6 9. Nc3 c6 10. O-O Be7 11. Bxd6 Bxd6 12. Bxf5 Qh4 13. Bh3 O-O 14. Qe1 Qe7
15. e4 Qg5 16. e5 Re8 17. f4 ({Schon bei der Zugeingabe durchzuckt es einen:} 
17. exd6 $3 Rxe1 18. Rfxe1 Qd8 19. Re7 h6 20. Rae1 Qxd6 21. Rxb7 {und die schwa
rze Dame ist hilflos gegen die Uebermacht der weissen Figuren! Der schwarze
Damenfluegel gleicht einem Moebellager (Schulenburg).}) 17... Qg6 18. Qf2 Be7
19. f5 Qh6 20. f6 gxf6 21. exf6 Bd6 22. Qf5 Kh8 23. Rae1 Rg8 24. Qf3 Nd7 25.
Re2 Nf8 26. Qe3 Qh5 27. Rf5 Qh4 28. Qf3 Ng6 29. Rh5 Qxd4+ 30. Kh1 Nf4 31. Bf5
Nxh5 32. Qxh5 Rg6 33. Bxg6 fxg6 34. Qf3 Bc5 35. Qf1 Rf8 36. Re6 Kg8 37. Ne2
Qxb2 38. Re8 Kf7 39. Rxf8+ Bxf8 40. h3 Qxf6 41. Qb1 Qe7 42. Qf1+ Ke8 43. Ng3
Qe5 44. Qf2 Bd6 45. Nf1 c5 46. Qd2 Kd7 47. Qh6 Qe7 48. Qd2 Kc6 49. Qd3 b5 50.
a4 Qe4 51. axb5+ axb5 52. Qa3 Qa4 53. Qd3 b4 54. Qe2 Kb6 55. Qe6 Qc6 56. Ne3
1/2-1/2

[Event "63. BEM 2009"]
[Site "Dortmund"]
[Date "2009.03.02"]
[Round "4.16"]
[White "Rzoczek, Christoph"]
[Black "Schaefer, Ulrich"]
[Result "1-0"]
[WhiteElo "1622"]
[BlackElo "1328"]
[PlyCount "67"]
[EventDate "2009.??.??"]
[Source "SG Dortmund"]
[SourceDate "2004.12.16"]

1. e4 e5 2. Nf3 Nc6 3. Bc4 Nf6 4. d3 d5 5. exd5 Nxd5 6. O-O Bg4 7. Nc3 Nxc3 8.
bxc3 Bd6 9. Bxf7+ Kxf7 10. Ng5+ Qxg5 11. Bxg5 Bxd1 12. Raxd1 Rhf8 13. d4 Kg8
14. d5 Ne7 15. c4 Bc5 16. Be3 Bxe3 17. fxe3 Rxf1+ 18. Kxf1 Rf8+ 19. Ke2 Rf6 20.
e4 Ra6 21. c5 Nc8 22. Kf3 h5 23. g4 Ra3+ 24. Rd3 Rxd3+ 25. cxd3 g6 26. Ke3 Kf7
27. d4 Kf6 28. g5+ Kxg5 29. dxe5 b5 30. d6 cxd6 31. h4+ Kh6 32. exd6 Kg7 33. d7
Ne7 34. d8=Q 1-0

[Event "63. BEM 2009"]
[Site "Dortmund"]
[Date "2009.03.02"]
[Round "4.17"]
[White "Grawe, Herbert"]
[Black "Raskin, Vitali"]
[Result "1-0"]
[WhiteElo "1491"]
[BlackElo "1612"]
[PlyCount "39"]
[EventDate "2009.??.??"]
[Source "SG Dortmund"]
[SourceDate "2004.12.16"]

1. Nc3 Nf6 2. e4 e5 3. Bc4 Nc6 4. a3 Be7 5. d3 O-O 6. f4 exf4 7. Bxf4 d6 8. d4
Re8 9. Nf3 Bg4 10. O-O Bf8 11. Qd3 Nxe4 12. Nxe4 d5 13. Neg5 g6 14. Ba2 h6 15.
Nxf7 Kxf7 16. Ne5+ Nxe5 17. Bxe5+ Bf5 18. Rxf5+ gxf5 19. Qxf5+ Kg8 20. Qg6+ 1-0

[Event "63. BEM 2009"]
[Site "Dortmund"]
[Date "2009.03.02"]
[Round "4.18"]
[White "Boxberg, Marc"]
[Black "Wiebesiek, Michael"]
[Result "1/2-1/2"]
[WhiteElo "1409"]
[BlackElo "1524"]
[PlyCount "37"]
[EventDate "2009.??.??"]
[Source "SG Dortmund"]
[SourceDate "2004.12.16"]

1. e4 Nc6 2. Nf3 a6 3. Bc4 e6 4. Nc3 b5 5. Bb3 Na5 6. O-O c5 7. d3 Nxb3 8. axb3
Bb7 9. Re1 Nf6 10. Bg5 Be7 11. e5 Nd5 12. Bxe7 Nxe7 13. Ne4 Bxe4 14. Rxe4 d5
15. exd6 Qxd6 16. d4 O-O 17. dxc5 Qxc5 18. b4 Qc7 19. c3 1/2-1/2

[Event "63. BEM 2009"]
[Site "Dortmund"]
[Date "2009.03.02"]
[Round "4.19"]
[White "Krüger, Georg"]
[Black "Pfeffer, Josef"]
[Result "0-1"]
[WhiteElo "1711"]
[BlackElo "1241"]
[PlyCount "40"]
[EventDate "2009.??.??"]
[Source "SG Dortmund"]
[SourceDate "2004.12.16"]

1. e4 e5 2. Bc4 Nf6 3. d3 Be7 4. Nf3 d6 5. O-O O-O 6. c3 Bg4 7. Nbd2 a6 8. a4
Nc6 9. b4 d5 10. exd5 Nxd5 11. Qc2 Bf6 12. Bb2 Bf5 13. Ne4 b6 14. Rad1 Nf4 15.
Rfe1 Bg4 16. Re3 Ng6 17. h3 Bf5 18. Qb3 Nf4 19. Bd5 Nxd5 20. Nxf6+ Nxf6 0-1

[Event "63. BEM 2009"]
[Site "Dortmund"]
[Date "2009.03.02"]
[Round "4.20"]
[White "Reinacher, Detlev"]
[Black "Weih, Kurt"]
[Result "1-0"]
[WhiteElo "1554"]
[BlackElo "1232"]
[PlyCount "51"]
[EventDate "2009.??.??"]
[Source "SG Dortmund"]
[SourceDate "2004.12.16"]

1. d4 f5 2. c4 e6 3. Nc3 Nf6 4. Nf3 Be7 5. e3 O-O 6. Bd3 d6 7. O-O a5 8. a3 c6
9. b3 Na6 10. Bb2 Nc7 11. Qc2 d5 12. c5 Qe8 13. Na4 Ne4 14. Nb6 Rb8 15. Ne5 Rf6
16. f3 Ng3 17. hxg3 Qh5 18. Kf2 g5 19. Rh1 Qe8 20. Rh2 h5 21. Rah1 Rh6 22. g4
fxg4 23. Nxg4 Rh8 24. Bg6 Qf8 25. Bxh5 Ne8 26. Ne5 1-0

[Event "63. BEM 2009"]
[Site "Dortmund"]
[Date "2009.03.02"]
[Round "4.21"]
[White "Zabel, Reinhard"]
[Black "Fahle, Karl-Wilhelm"]
[Result "1-0"]
[WhiteElo "1489"]
[BlackElo "1202"]
[PlyCount "119"]
[EventDate "2009.??.??"]
[Source "SG Dortmund"]
[SourceDate "2004.12.16"]

1. e4 e5 2. Nf3 Nf6 3. Nxe5 d6 4. Nf3 Nxe4 5. d4 d5 6. Bd3 Nc6 7. Nc3 Nxc3 8.
bxc3 Be7 9. O-O O-O 10. h3 Re8 11. Re1 b6 12. Bf4 Bb7 13. Qd2 g6 14. Bb5 a6 15.
Bf1 Bf6 16. Rxe8+ Qxe8 17. Re1 Qd7 18. Qe3 Ne7 19. Ne5 Bxe5 20. Qxe5 Nf5 21.
Bd3 Bc6 22. Qxc7 Qxc7 23. Bxc7 b5 24. Bxf5 gxf5 25. Re5 Re8 26. Kh2 Rxe5 27.
Bxe5 Kf8 28. Kg3 Ke7 29. Kh4 Be8 30. Kg5 h5 31. Kxf5 b4 32. Bf6+ Kf8 33. cxb4
Ba4 34. c3 Bc2+ 35. Ke5 Bd3 36. Kxd5 Bf1 37. g3 Bxh3 38. Kc5 Ke8 39. a4 Kd7 40.
b5 Kc7 41. d5 a5 42. d6+ Kb7 43. Bd8 f5 44. Bxa5 f4 45. Bd8 Kc8 46. Bf6 Kb7 47.
a5 f3 48. Bd4 Bd7 49. a6+ Ka7 50. Kb4+ Kb8 51. c4 h4 52. gxh4 Ka8 53. h5 Kb8
54. h6 Bf5 55. d7 Kc7 56. a7 Kxd7 57. a8=Q Be4 58. Qxe4 Kc7 59. Qc6+ Kd8 60.
Bf6# 1-0